El arte del silencio: (Record no. 190124)
[ view plain ]
| 000 -CABECERA | |
|---|---|
| campo de control de longitud fija | 01319cab a2200265 ab4500 |
| 005 - FECHA Y HORA DE LA ÚLTIMA TRANSACCIÓN | |
| campo de control | 20241012063741.0 |
| 008 - ELEMENTOS DE LONGITUD FIJA--INFORMACIÓN GENERAL | |
| campo de control de longitud fija | 991125c2015 ck fr p o 000 0 spa d |
| 035 ## - NÚMERO DE CONTROL DEL SISTEMA | |
| Número de control de sistema | UPN01000218024 |
| 040 ## - FUENTE DE LA CATALOGACIÓN | |
| Centro catalogador/agencia de origen | MX-MxUPN |
| Lengua de catalogación | spa |
| Centro/agencia transcriptor | MX-MxUPN |
| Normas de descripción | aacr2 |
| 049 ## - COLECCIÓN | |
| Colección | ART-E |
| 100 1# - ASIENTO PRINCIPAL--NOMBRE PERSONAL | |
| Nombre de persona | Bermúdez Zuleta, Alejandra |
| 245 13 - MENCIÓN DE TÍTULO | |
| Título | El arte del silencio: |
| Resto del título | aproximaciones clínicas a través del arte en niños y jóvenes sordos |
| Medio | [recurso electrónico en línea] |
| 506 0# - NOTA DE RESTRICCIONES AL ACCESO | |
| Limitaciones de acceso | Acceso abierto |
| 520 3# - NOTA DE RESUMEN, ETC. | |
| Sumario, etc. | Las emociones se han reivindicado como las bases de la motivación y la conducta humana. La psicología, específicamente la psicoterapia, se enfrenta al desafío de integrar este nuevo paradigma. Se enfrenta además a la necesidad de responder por poblaciones que se han visto relegadas en sus servicios, como lo han sido los sordos. La arteterapia se convierte en una opción prometedora. Poiesis |
| 650 #4 - ASIENTO SECUNDARIO DE MATERIA - TERMINO TEMATICO | |
| Término de materia o nombre geográfico como elemento de entrada | Emociones |
| 9 (RLIN) | 39 |
| 650 #4 - ASIENTO SECUNDARIO DE MATERIA - TERMINO TEMATICO | |
| Término de materia o nombre geográfico como elemento de entrada | Psicoterapia |
| 9 (RLIN) | 8720 |
| 650 #2 - ASIENTO SECUNDARIO DE MATERIA - TERMINO TEMATICO | |
| 9 (RLIN) | 14059 |
| Término de materia o nombre geográfico como elemento de entrada | Discapacidad auditiva |
| 650 #2 - ASIENTO SECUNDARIO DE MATERIA - TERMINO TEMATICO | |
| 9 (RLIN) | 6005 |
| Término de materia o nombre geográfico como elemento de entrada | Sordos |
| 653 0# - TERMINO DE INDIZACION - NO CONTROLADO | |
| Término no controlado | Arteterapia |
| 773 ## - ENLACE AL DOCUMENTO FUENTE/ENTRADA DE REGISTRO ANFITRIÓN | |
| Parte(s) relacionada(s) | No. 29 (2015), p. 1-6 |
| Título | Poiesis: revista electrónica de psicología social |
| Número Internacional Normalizado para Publicaciones Seriadas | 1692-0945 |
| 856 4# - LOCALIZACIÓN Y ACCESO ELECTRÓNICOS | |
| Identificador Uniforme del Recurso | <a href="http://www.funlam.edu.co/revistas/index.php/poiesis/article/view/1556/1327">http://www.funlam.edu.co/revistas/index.php/poiesis/article/view/1556/1327</a> |
| 902 ## - ELEMENTOS DE DATOS B LOCAL, LDB (RLIN) | |
| Modificó | Leonor Sotres/061123 |
| 905 ## - TIPO DE MATERIAL | |
| Tipo de material | Articulo |
| 942 ## - ELEMENTOS DE PUNTO DE ACCESO ADICIONAL (KOHA) | |
| Tipo de ítem Koha | Artículo Electrónico |
| Estado de retiro | Estado de pérdida | Estado dañado | No para préstamo | Código de colección | Localización permanente | Ubicación/localización actual | Ubicación en estantería | Fecha de adquisición | Total de préstamos | Fecha visto por última vez | Identificador Uniforme del Recurso | Precio válido a partir de | Tipo de ítem Koha |
|---|---|---|---|---|---|---|---|---|---|---|---|---|---|
| Acceso abierto | Bib. Gregorio Torres Quintero | Bib. Gregorio Torres Quintero | En línea | 06/11/2023 | 06/11/2023 | http://www.funlam.edu.co/revistas/index.php/poiesis/article/view/1556/1327 | 06/11/2023 | Artículo Electrónico |
